000 01042nam a22002657a 4500
005 20150203153654.0
008 140714b xxu||||| |||| 00| 0 Urdu d
010 _aUR-8598 B-548333-336
020 _c250.00
_a9789383339358
035 _aU-7153 B-548333-336
037 _bBPPD/Publishers/Venders
037 _bDBAD/Pub.
037 _bStar Pub.(Vend.)/Kitab Wala(Pub.)
040 _aDPL
_bUrdu
082 _a ن
100 _aا بن صفی
245 _aچا ند نی کا د ھو ا ن
_cا بن صفی
246 _aChandni ka Dhuan
_bby Ibn-e- Safi
260 _bKitab Wala (Publisher)
_bStar Publications.( Vender)
_c2014
260 _a4/5Asaf Ali Road,New Delhi-110002
270 _bد ھلی
_a2794،گلی جھو ت و ا لی پہا ڑ ی بھو جلہ
_e110006
_k011-23281499
300 _a249+4ص
_c22Cm(Pb)
942 _2ddc
_cUR
_mا ب ن
_h ن
999 _c87851
_d87851